| 000 | 00903cam a22002777a 4500 | ||
|---|---|---|---|
| 003 | CHAP | ||
| 005 | 20220329134007.0 | ||
| 008 | 971013s1977 r 00010 d | ||
| 010 | _a13767 | ||
| 011 | _a14739 | ||
| 035 | _a18813 | ||
| 040 | _cCHAP | ||
| 082 |
_a636.39 _bG6 |
||
| 100 | 0 | 0 |
_aGonzález Cortés, Ambrosio. _948809 |
| 245 | 1 | 3 | _aEl ganado caprino en México; distribución, utilización e importancia económica |
| 260 |
_aMéxico, D.F. : _bInstituto Mexicano de Recursos Naturales Renovables, _c1977 |
||
| 300 | _a177 p | ||
| 590 |
_aBATCH-UPD _b10 _c20130110 _lUCH01 _h2103 |
||
| 590 |
_aBATCH-UPD _b10 _c20130410 _lUCH01 _h1415 |
||
| 590 |
_aBATCH-UPD _b10 _c20130914 _lUCH01 _h1506 |
||
| 590 |
_aCONVERSION _b10 _c20130109 _lUCH01 _h1309 |
||
| 650 | 1 | 4 |
_aGanado cabrío. _944988 |
| 901 | _aBK | ||
| 942 | _cLIBRO | ||
| 949 |
_a636.39 G6 _bBC _cLIBRO _d33724000602413 _eLIBRO _h57409 _i18813 _si |
||
| 999 |
_c13767 _d13767 |
||